000 00348nam a2200133Ia 4500
008 151001s9999||||xx |||||||||||||| ||und||
100 _aबंडा यज्ञोपावित
245 _aतुमसा नही देखा
250 _a1
260 _bअथर्व
260 _c2010
300 _a176
365 _b21
999 _c996846
_d996843